The Cambridge companion to women and Islam /

"This Companion provides a comprehensive overview of a timely topic that encompasses the fields of Islamic feminist scholarship, anthropology, history, and sociology. It considers the agency that Muslim women exhibit in relation to their faith as reflected in women's piety movements. Moreo...

Full description

Bibliographic Details
Other Authors: Bano, Masooda (Editor)
Format: eBook
Language:English
Published: Cambridge, United Kingdom ; New York, NY : Cambridge University Press, 2025.
Series:Cambridge companions to religion.
Subjects:

MARC

Tag First Indicator Second Indicator Subfields
LEADER 00000cam a2200000 i 4500
001 in00005658317
006 m o d
007 cr cnu---unuuu
008 241017t20252025enk ob 001 0 eng d
005 20250810211312.7
035 |a (OCoLC)on1461817881 
040 |a OCLKB  |b eng  |e rda  |e pn  |c OCLKB  |d UKKRT  |d GZM  |d OCLCO  |d YDX 
020 |a 9781009206587 (electronic bk.) 
020 |a 1009206583  |q electronic book 
020 |z 9781009206716  |q hardcover 
020 |z 1009206710  |q hardcover 
020 |z 9781009206563  |q paperback 
020 |z 1009206567  |q paperback 
035 |a (OCoLC)1461817881 
050 1 4 |a BP173.4  |b .C352 2025 
082 0 4 |a 297.082  |2 23/eng/20250506 
245 0 4 |a The Cambridge companion to women and Islam /  |c edited by Masooda Bano. 
246 3 0 |a Women and Islam 
264 1 |a Cambridge, United Kingdom ;  |a New York, NY :  |b Cambridge University Press,  |c 2025. 
264 4 |c ©2025 
300 |a 1 online resource (xiv, 412 pages). 
336 |a text  |b txt  |2 rdacontent 
337 |a computer  |b c  |2 rdamedia 
338 |a online resource  |b cr  |2 rdacarrier 
490 1 |a Cambridge companions to religion 
504 |a Includes bibliographical references and index. 
520 |a "This Companion provides a comprehensive overview of a timely topic that encompasses the fields of Islamic feminist scholarship, anthropology, history, and sociology. It considers the agency that Muslim women exhibit in relation to their faith as reflected in women's piety movements. Moreover, the volume documents how Muslim women shape socio-political life"--Provided by publisher. 
588 |a Description based on online resource; title from digital title page (viewed on May 06, 2025). 
650 0 |a Women in Islam. 
650 0 |a Feminism  |x Religious aspects  |x Islam. 
650 0 |a Muslim women  |x Social conditions. 
650 0 |a Muslim women  |x Conduct of life. 
650 0 |a Women in the Hadith. 
650 6 |a Femmes dans l'islam.  |0 (CaQQLa)201-0016879 
650 6 |a Féminisme  |x Aspect religieux  |x Islam.  |0 (CaQQLa)000310514 
650 6 |a Musulmanes  |x Morale pratique.  |0 (CaQQLa)201-0046147 
650 6 |a Femmes dans le Ḥadīth.  |0 (CaQQLa)201-0246629 
655 4 |a Electronic books. 
700 1 |a Bano, Masooda,  |e editor.  |1 https://id.oclc.org/worldcat/entity/E39PCjBQcHQ9CDMjB437h6QF83 
776 0 8 |i Print version:  |t Cambridge companion to women and Islam.  |d Cambridge, United Kingdom : Cambridge University Press, 2025  |z 9781009206716  |w (DLC) 2024037711  |w (OCoLC)1460922266 
830 0 |a Cambridge companions to religion. 
852 8 |b POD  |z This title is available for the library to purchase for your use. Click the "Purchase It For Me" button to place a request. This item will take 5-10 business days to arrive. 
955 |a Ebook POD title 
961 |m 565731 
999 f f |s f10f2294-501d-44f9-8d46-f7f561257197  |i 89279f4b-42e8-4e74-9bfa-f256f0b43802  |t 0 
952 f f |a Texas A&M University  |b College Station  |c Sterling C. Evans Library  |d Purchase on Demand  |t 0  |e BP173.4 .C352 2025  |h Library of Congress classification 
998 f f |a BP173.4 .C352 2025  |t 0  |l Purchase on Demand